AH International Schools' Libraries

Super Submarines (Record no. 49095)

MARC details
000 -LEADER
fixed length control field 00404nam a22001337a 4500
008 - FIXED-LENGTH DATA ELEMENTS--GENERAL INFORMATION
fixed length control field 250804b |||||||| |||| 00| 0 eng d
020 ## - INTERNATIONAL STANDARD BOOK NUMBER
International Standard Book Number 9780753472088
100 ## - MAIN ENTRY--PERSONAL NAME
Personal name Tony Mitton (Author), Ant Parker (Author)
9 (RLIN) 86442
245 ## - TITLE STATEMENT
Title Super Submarines
260 ## - PUBLICATION, DISTRIBUTION, ETC. (IMPRINT)
Place of publication, distribution, etc London and New York
Name of publisher, distributor, etc Kingfisher
Date of publication, distribution, etc 2014
300 ## - PHYSICAL DESCRIPTION
Extent 24 pages
Other physical details col. ill.
Dimensions 6.52 x 0.1 x 7.6 inches
490 ## - SERIES STATEMENT
Series statement Amazing Machines
942 ## - ADDED ENTRY ELEMENTS (KOHA)
Source of classification or shelving scheme
Holdings
Withdrawn status Lost status Source of classification or shelving scheme Damaged status Not for loan Collection code Home library Current library Date acquired Total Checkouts Full call number Barcode Date last seen Price effective from Koha item type
          Siem Riep Asian Hope Siem Reap Asian Hope Siem Reap 08/04/2025   EFIC TON 209094 08/04/2025 08/04/2025 Book

For any Logos Library related questions please contact Miss Art at swongnarasuk@asianhope.org.

For any Asian Hope Library related questions please contact Miss Raza at graza@asianhope.org.

Click here to explore our ebooks!

Powered by Koha